[Event "Elit(Team Viking-Rockaden,Sthlm)"]
[Site "?"]
[Date "2018.03.18"]
[Round "9"]
[White "Bator, Robert"]
[Black "Sagit, Rauan"]
[Result "1/2-1/2"]
[WhiteElo "2398"]
[BlackElo "2433"]
[PlyCount "123"]
1. d4 Nf6 2. c4 c5 3. d5 b5 4. cxb5 a6 5. bxa6 g6 6. Nc3 Bxa6 7. Nf3 d6 8. g3
Bg7 9. Bg2 Nfd7 10. O-O Nb6 11. Ne1 N8d7 12. Nc2 O-O 13. Ne3 f5 14. Qc2 Ne5 15.
b3 f4 16. gxf4 Rxf4 17. Ned1 Rh4 18. Bg5 Rg4 19. Be3 Bb7 20. f3 Rb4 21. a3 Nxd5
22. Nxd5 Bxd5 23. axb4 Rxa1 24. bxc5 Qb8 25. cxd6 exd6 26. Nf2 Bxb3 27. Qe4 Ra4
28. Qb1 Nc4 29. Bc1 Qb6 30. Kh1 Ne3 31. Bxe3 Qxe3 32. Qd3 Qxd3 33. Nxd3 Bd4 34.
f4 Kg7 35. Bc6 Ra2 36. Nc1 Ra1 37. Kg2 Bc4 38. Bf3 Be3 39. Nd3 Ra2 40. Kg3 Rd2
41. h4 Kf6 42. Nf2 Kg7 43. Rb1 h5 44. Rb7+ Kf8 45. Rb8+ Ke7 46. Rb7+ Kd8 47.
Rb8+ Kc7 48. Rb7+ Kc8 49. Re7 Bb6 50. Ne4 Rd4 51. Rg7 Bc7 52. Rxg6 d5 53. Nd6+
Kd7 54. e3 Rd3 55. Nf5 d4 56. Rg7+ Kd8 57. Nxd4 Rxe3 58. Nc6+ Kc8 59. Na7+ Kd8
60. Nc6+ Kc8 61. Na7+ Kd8 62. Nc6+ 1/2-1/2

[Event "Elit(Malmo-Upsala)"]
[Site "?"]
[Date "2018.03.18"]
[Round "9"]
[White "Johansson, Carl Fredrik"]
[Black "Ziegler, Ari"]
[Result "1/2-1/2"]
[WhiteElo "2209"]
[BlackElo "2330"]
[PlyCount "110"]
1. d4 Nf6 2. c4 c5 3. d5 e6 4. Nc3 exd5 5. cxd5 d6 6. e4 g6 7. f4 Bg7 8. Nf3
O-O 9. Be2 Re8 10. e5 dxe5 11. fxe5 Ng4 12. e6 fxe6 13. d6 Nc6 14. O-O Nd4 15.
Ne4 h6 16. h3 Nf6 17. Nxd4 Nxe4 18. Nb5 Bd7 19. Be3 Ng3 20. Rf3 Nxe2+ 21. Qxe2
Bxb5 22. Qxb5 Qxd6 23. Qxb7 Rf8 24. Raf1 Rab8 25. Rxf8+ Rxf8 26. Rxf8+ Bxf8 27.
Qe4 g5 28. h4 Bg7 29. hxg5 hxg5 30. b3 Qd5 31. Qxd5 exd5 32. Bxc5 a6 33. Kf2
Kf7 34. Ke3 Ke6 35. a4 Be5 36. b4 Kd7 37. b5 axb5 38. axb5 g4 39. Bd4 Bg3 40.
Bg7 Kc7 41. Kd4 Kb6 42. Kxd5 Kxb5 43. Ke4 Be1 44. Kf5 g3 45. Be5 Kc6 46. Kg4
Kd7 47. Bxg3 Bb4 48. Kf5 Ke7 49. Kg6 Kf8 50. Kh7 Bd2 51. Be5 Kf7 52. g4 Bc1 53.
Bg7 Bg5 54. Bh6 Be7 55. g5 Bxg5 1/2-1/2

[Event "Elit(Farsta-Limhamn)"]
[Site "?"]
[Date "2018.03.18"]
[Round "9"]
[White "Lindgren, Philip"]
[Black "Ong, Kezli"]
[Result "1-0"]
[WhiteElo "2399"]
[BlackElo "2303"]
[PlyCount "137"]
1. Nf3 Nf6 2. d4 e6 3. c4 d5 4. g3 Be7 5. Bg2 O-O 6. O-O dxc4 7. Qc2 a6 8. a4
Bd7 9. Qxc4 Bc6 10. Bf4 a5 11. Nc3 Na6 12. Rac1 Nb4 13. Ne5 Bxg2 14. Kxg2 Nfd5
15. Nxd5 Qxd5+ 16. Qxd5 Nxd5 17. Bd2 c6 18. e3 Rfd8 19. Nd3 Kf8 20. Rc2 Ke8 21.
Kf3 Bd6 22. Ke2 Kd7 23. Rfc1 Rdb8 24. e4 Ne7 25. Bf4 Bxf4 26. gxf4 Kc7 27. b3
g6 28. Ke3 Rf8 29. f3 Rad8 30. Rc5 b6 31. R5c4 Kb7 32. b4 axb4 33. Rxb4 Ra8 34.
Rcb1 Nc8 35. Ne5 Kc7 36. Rc1 Ne7 37. Rbc4 Kb7 38. Rb1 Kc7 39. Rcb4 Nc8 40. Rc1
Ne7 41. Nxc6 Nxc6 42. d5 exd5 43. exd5 Kd6 44. Rxc6+ Kxd5 45. Rcxb6 Rfc8 46.
Rd4+ Kc5 47. Rb7 Rab8 48. Rdd7 Rxb7 49. Rxb7 Ra8 50. Rxf7 Rxa4 51. Rxh7 Kd5 52.
Rh6 Ra2 53. h4 Rh2 54. f5 gxf5 55. Kf4 Re2 56. Kxf5 Re5+ 57. Kg4 Re1 58. f4 Re2
59. h5 Rg2+ 60. Kf5 Rh2 61. Rh7 Kd6 62. h6 Ra2 63. Kf6 Ra4 64. f5 Ra6 65. Rb7
Kc6 66. Re7 Kd5+ 67. Kg7 Ra1 68. h7 Rg1+ 69. Kf8 1-0

[Event "Elit(Team Viking-Rockaden,Sthlm)"]
[Site "?"]
[Date "2018.03.18"]
[Round "9"]
[White "Westerberg, Jonathan"]
[Black "Wiedenkeller, Michael"]
[Result "1/2-1/2"]
[WhiteElo "2507"]
[BlackElo "2470"]
[PlyCount "65"]
1. Nf3 d5 2. g3 c6 3. Bg2 Bg4 4. c4 e6 5. cxd5 exd5 6. O-O Nf6 7. d3 Be7 8. Qb3
Qb6 9. Qc2 O-O 10. Nc3 Na6 11. e4 dxe4 12. dxe4 Nb4 13. Qe2 Qa6 14. Qxa6 Nxa6
15. h3 Be6 16. Nd4 Bc4 17. Rd1 Bb4 18. e5 Ne8 19. Be3 f6 20. exf6 Nxf6 21. Nf5
Rfd8 22. Bd4 Be6 23. Ne3 Bc5 24. Bxc5 Nxc5 25. b4 Nd3 26. b5 Nb4 27. a3 Nbd5
28. Ncxd5 Nxd5 29. bxc6 bxc6 30. Re1 Nxe3 31. Rxe3 Bd5 32. Rc1 Rd7 33. Rc5
1/2-1/2

[Event "Elit(Malmo-Upsala)"]
[Site "?"]
[Date "2018.03.18"]
[Round "9"]
[White "Bejtovic, Jasmin"]
[Black "Cederberg, Karl Olof"]
[Result "1-0"]
[WhiteElo "2356"]
[BlackElo "2141"]
[PlyCount "81"]
1. c4 e5 2. g3 Nc6 3. Bg2 f5 4. Nc3 Nf6 5. d3 Bb4 6. Bd2 O-O 7. a3 Bxc3 8. Bxc3
d5 9. cxd5 Nxd5 10. Nf3 Nxc3 11. bxc3 Be6 12. O-O Qf6 13. Rb1 Rab8 14. Qa4 a6
15. Qc2 Bd5 16. e4 fxe4 17. Nd2 Qe7 18. Nxe4 Qxa3 19. Nf6+ Rxf6 20. Bxd5+ Kh8
21. Be4 Qc5 22. Qd2 b5 23. Qg5 Qd6 24. Ra1 Ne7 25. Ra2 b4 26. cxb4 Rxb4 27. Rc2
c5 28. Qe3 Rb5 29. Rfc1 Nd5 30. Bxd5 Qxd5 31. Rxc5 Rxc5 32. Rxc5 Qb7 33. Rxe5
Qb1+ 34. Kg2 Rf8 35. Re7 Qb5 36. Rc7 Re8 37. Qd4 Qg5 38. h4 Qg6 39. h5 Qg5 40.
Qd7 Rd8 41. Rc8 1-0

[Event "Elit(Farsta-Limhamn)"]
[Site "?"]
[Date "2018.03.18"]
[Round "9"]
[White "Hedin, Gunnar"]
[Black "Hansen, Mads"]
[Result "1/2-1/2"]
[WhiteElo "2165"]
[BlackElo "2396"]
[PlyCount "75"]
1. f4 d5 2. Nf3 Bg4 3. e3 Nd7 4. h3 Bxf3 5. Qxf3 Ngf6 6. Nc3 c6 7. g4 e5 8. g5
Ng8 9. h4 Bd6 10. Bh3 Ne7 11. b3 Qc7 12. Ne2 O-O-O 13. Bb2 Kb8 14. O-O-O e4 15.
Qh5 g6 16. Qh6 Rhf8 17. Bxd7 Qxd7 18. Qxh7 Nf5 19. h5 gxh5 20. Rxh5 c5 21. g6
fxg6 22. Qxg6 d4 23. Ng3 Nxg3 24. Qxg3 d3 25. Rd5 dxc2 26. Rg1 Qc6 27. Rxd6
Rxd6 28. Be5 Ka8 29. Bxd6 Qxd6 30. Qg7 c4 31. Qd4 Qa3+ 32. Qb2 Qa6 33. Qxc2
cxb3 34. Qxb3 Rc8+ 35. Kb1 Qc6 36. Qc3 Qb5+ 37. Qb3 Qc6 38. Qc3 1/2-1/2

[Event "Elit(Team Viking-Rockaden,Sthlm)"]
[Site "?"]
[Date "2018.03.18"]
[Round "9"]
[White "Engqvist, Thomas"]
[Black "Grandell, Anders"]
[Result "0-1"]
[WhiteElo "2344"]
[BlackElo "2261"]
[PlyCount "160"]
1. c4 e5 2. Nc3 Nf6 3. Nf3 Nc6 4. d4 exd4 5. Nxd4 Bb4 6. Bg5 h6 7. Bh4 O-O 8.
Rc1 Re8 9. e3 g5 10. Bg3 Ne4 11. Be2 Nxd4 12. Qxd4 d6 13. O-O Nxc3 14. bxc3 Bc5
15. Qd5 Qf6 16. Kh1 c6 17. Qd2 Bf5 18. Qb2 Re7 19. Rcd1 Rd8 20. Rfe1 Qg6 21.
Bf1 h5 22. h4 Rdd7 23. hxg5 Qxg5 24. Bf4 Qf6 25. Qe2 Bg4 26. f3 Bf5 27. Qf2 h4
28. g4 hxg3 29. Qxg3+ Qg6 30. e4 Be6 31. Rd2 Qxg3 32. Bxg3 f6 33. Bd3 Rh7+ 34.
Rh2 Rdg7 35. Rxh7 Rxh7+ 36. Bh2 Kf7 37. Kg2 Ke7 38. f4 Kd7 39. Bg3 Rh6 40. Kf3
Bf7 41. Bf1 Bh5+ 42. Kg2 Bf7 43. Bd3 Be6 44. Kf3 a5 45. a4 Kc7 46. Kg2 Bh3+ 47.
Kf3 Bd7 48. Rb1 Rh8 49. f5 Be8 50. Re1 Rh7 51. Kg2 Bf7 52. Be2 Kd7 53. Rb1 Kc7
54. Rd1 Rg7 55. Rh1 Be3 56. Kf3 Bd2 57. Bxd6+ Kxd6 58. Rd1 Bh5+ 59. Kf2 Bxe2
60. Rxd2+ Ke5 61. Rxe2 Rg4 62. Rb2 Rxe4 63. Rxb7 Rxc4 64. Ra7 Rxa4 65. Ra6 c5
66. Ke3 Kxf5 67. Kd3 Kg5 68. Rc6 c4+ 69. Ke4 f5+ 70. Ke5 Ra1 71. Rxc4 Re1+ 72.
Kd6 Ra1 73. Rc8 a4 74. c4 a3 75. Ra8 a2 76. Kc5 f4 77. Ra3 Kg4 78. Ra8 f3 79.
Rg8+ Kh5 80. Ra8 f2 0-1

[Event "Elit(Malmo-Upsala)"]
[Site "?"]
[Date "2018.03.18"]
[Round "9"]
[White "Haj-Bakkor, Mohammed"]
[Black "Johansson, Thomas"]
[Result "1/2-1/2"]
[WhiteElo "2199"]
[BlackElo "2168"]
[PlyCount "114"]
1. e4 d6 2. d4 Nf6 3. Nc3 e5 4. Nf3 exd4 5. Nxd4 Be7 6. Be2 O-O 7. g4 d5 8. e5
Ne4 9. Nxe4 dxe4 10. Be3 c6 11. Qd2 Qd5 12. Nf5 Qxd2+ 13. Bxd2 Bc5 14. Bc3 Be6
15. b4 Bb6 16. Nd6 e3 17. f3 Nd7 18. Nxb7 f6 19. f4 fxe5 20. f5 Bd5 21. O-O Nf6
22. Bxe5 Ne4 23. c4 Bf7 24. c5 Bd8 25. Nxd8 Raxd8 26. Rfd1 Nd2 27. Bf4 Rfe8 28.
b5 cxb5 29. c6 Rd4 30. Bg3 Bc4 31. Bxc4+ Rxc4 32. c7 Kf7 33. Rac1 Ke7 34. Rxc4
bxc4 35. Bf4 e2 36. Bg5+ Kf7 37. Re1 Nf3+ 38. Kf2 Nxe1 39. Kxe1 Rc8 40. Bd8 Ke8
41. g5 Rxd8 42. cxd8=Q+ Kxd8 43. Kxe2 Ke7 44. Ke3 c3 45. Kd3 c2 46. Kxc2 Kd6
47. Kc3 Ke5 48. f6 gxf6 49. gxf6 Kxf6 50. Kb4 Kg5 51. Ka5 Kg4 52. Ka6 Kh3 53.
Kxa7 h5 54. Kb8 h4 55. a4 Kxh2 56. a5 h3 57. a6 Kg1 1/2-1/2

[Event "Elit(Team Viking-Rockaden,Sthlm)"]
[Site "?"]
[Date "2018.03.18"]
[Round "9"]
[White "Pantzar, Milton"]
[Black "Crevatin, Leo"]
[Result "0-1"]
[WhiteElo "2268"]
[BlackElo "2114"]
[PlyCount "64"]
1. c4 e6 2. d4 d5 3. Nc3 c6 4. Nf3 dxc4 5. e3 b5 6. a4 Bb4 7. Bd2 a5 8. axb5
Bxc3 9. Bxc3 cxb5 10. b3 Bb7 11. Bb2 Nf6 12. bxc4 b4 13. Bd3 Nbd7 14. O-O O-O
15. Nd2 e5 16. dxe5 Nxe5 17. Bxh7+ Nxh7 18. Bxe5 Qg5 19. Bg3 Rfd8 20. Qe2 a4
21. Nf3 Qg4 22. Qb2 Bxf3 23. gxf3 Qxc4 24. Qe5 a3 25. Rfc1 Qe2 26. Re1 Qxf3 27.
Qb5 Qg4 28. h3 Qe4 29. Reb1 Rd5 30. Rxb4 Rxb5 31. Rxe4 a2 32. Kg2 f6 0-1

[Event "Elit(Malmo-Upsala)"]
[Site "?"]
[Date "2018.03.18"]
[Round "9"]
[White "Printz, Stefan"]
[Black "Svensson, Mans"]
[Result "0-1"]
[WhiteElo "1802"]
[BlackElo "2156"]
[PlyCount "72"]
1. f4 d5 2. Nf3 g6 3. e3 Bg4 4. d4 Bxf3 5. Qxf3 e6 6. Bd3 Bg7 7. O-O Ne7 8. c3
Nd7 9. Nd2 c5 10. Bc2 Qb6 11. Kh1 Rc8 12. Ba4 Nc6 13. Rb1 O-O 14. Qe2 Nf6 15.
g4 Ne7 16. g5 Ne8 17. Nf3 Nd6 18. Bd2 Ne4 19. Bc2 Nf5 20. Bxe4 dxe4 21. Ne5
Bxe5 22. fxe5 Qd8 23. Qg4 Qd5 24. Kg1 cxd4 25. cxd4 Rc2 26. Rf2 Qxa2 27. Re1
Qd5 28. h4 Rxb2 29. h5 Rc8 30. hxg6 fxg6 31. Rh2 Rc7 32. Qh3 Qa2 33. Ree2 Qb1+
34. Re1 Qd3 35. Ree2 Rb1+ 36. Re1 Rxe1+ 0-1

[Event "Elit(Farsta-Limhamn)"]
[Site "?"]
[Date "2018.03.18"]
[Round "9"]
[White "Wieweg, Johnny"]
[Black "Penalver, Osmani"]
[Result "0-1"]
[WhiteElo "2076"]
[BlackElo "2251"]
[PlyCount "60"]
1. e4 c5 2. c3 Nf6 3. e5 Nd5 4. Bc4 Nb6 5. Bb3 d5 6. d4 cxd4 7. cxd4 Bf5 8. Nf3
e6 9. O-O Be7 10. Nc3 O-O 11. Ne2 Nc6 12. Ng3 Bg4 13. h3 Bxf3 14. gxf3 Nc4 15.
Bc2 Qb6 16. Ne2 Rfc8 17. a3 Qc7 18. Qd3 g6 19. b3 Nxa3 20. Bxa3 Bxa3 21. Rxa3
Nb4 22. Qd2 Qxc2 23. Qxb4 Qxe2 24. Qxb7 Qxf3 25. Rxa7 Rab8 26. Qd7 Rc3 27. b4
Rf8 28. Qe7 Qxh3 29. Rfa1 Qg4+ 30. Kf1 Rh3 0-1

[Event "Elit(LASK-Stockholms SS)"]
[Site "?"]
[Date "2018.03.18"]
[Round "9"]
[White "Arman, Deniz"]
[Black "Kulaots, Kaido"]
[Result "1/2-1/2"]
[WhiteElo "2384"]
[BlackElo "2591"]
[PlyCount "92"]
1. e4 d5 2. Nc3 dxe4 3. Nxe4 Nf6 4. Nxf6+ exf6 5. d4 Bd6 6. Bd3 O-O 7. c3 Re8+
8. Ne2 Bg4 9. Qc2 g6 10. O-O Bxe2 11. Bxe2 f5 12. Bf3 c6 13. Bd2 Nd7 14. Rfe1
Qh4 15. g3 Qf6 16. Rxe8+ Rxe8 17. Re1 Rxe1+ 18. Bxe1 Qe6 19. Qb1 Nf6 20. Bd2
Ne4 21. Be3 h5 22. Bd1 Nf6 23. Bb3 Nd5 24. Qd3 b5 25. Bd2 h4 26. gxh4 f4 27. h5
Qe7 28. Qf3 Qh4 29. c4 bxc4 30. Bxc4 Qf6 31. Bc3 Qe6 32. Bb3 Kg7 33. Kg2 f5 34.
Bd2 gxh5 35. Bd1 Be7 36. Kf1 Bf6 37. Bc3 c5 38. dxc5 Nxc3 39. bxc3 Qc4+ 40. Kg2
Qxc5 41. Qb7+ Kh6 42. Qf7 Qe7 43. Qxe7 Bxe7 44. Kf3 Kg5 45. Ba4 Bf6 46. Bd7
Bxc3 1/2-1/2

[Event "Elit(Kungstornet-Eksjo)"]
[Site "?"]
[Date "2018.03.18"]
[Round "9"]
[White "Rasmussen, Allan Stig"]
[Black "Lyrberg, Patrik"]
[Result "1-0"]
[WhiteElo "2543"]
[BlackElo "2457"]
[PlyCount "59"]
1. e4 Nf6 2. e5 Nd5 3. d4 d6 4. c4 Nb6 5. exd6 exd6 6. Nc3 Be7 7. h3 Nc6 8. Nf3
Bf5 9. d5 Ne5 10. Nd4 Bd7 11. b3 c5 12. dxc6 Nxc6 13. Be3 O-O 14. Be2 Nxd4 15.
Bxd4 Bc6 16. O-O Bf6 17. f4 Re8 18. Bf3 Rc8 19. Qd2 Bxf3 20. Rxf3 d5 21. c5 Nd7
22. Nxd5 Bxd4+ 23. Qxd4 Kf8 24. Rd1 Nxc5 25. f5 Re4 26. Qd2 f6 27. b4 Na6 28.
a3 Re5 29. Rd3 Qe8 30. Nxf6 1-0

[Event "Elit(LASK-Stockholms SS)"]
[Site "?"]
[Date "2018.03.18"]
[Round "9"]
[White "Smith, Axel"]
[Black "Hauge, Lars Oskar"]
[Result "0-1"]
[WhiteElo "2495"]
[BlackElo "2436"]
[PlyCount "59"]
1. Nf3 e6 2. c4 Nf6 3. e3 d5 4. d4 c5 5. a3 Nc6 6. dxc5 Bxc5 7. b4 Bb6 8. Bb2
O-O 9. Nbd2 Qe7 10. Bd3 Bc7 11. O-O a6 12. Qc2 h6 13. e4 dxc4 14. Nxc4 e5 15.
Ne3 Be6 16. Rad1 Rfd8 17. Bc4 Rac8 18. Rxd8+ Rxd8 19. Rc1 Bb6 20. Nxe5 Nxe5 21.
Bxe5 Bxe3 22. fxe3 Rc8 23. Bxf6 Qxf6 24. Qe2 b5 25. Rf1 Bxc4 26. Rxf6 Bxe2 27.
Rxa6 Rc2 28. a4 bxa4 29. Rxa4 Rb2 30. e5 0-1

[Event "Elit(Kungstornet-Eksjo)"]
[Site "?"]
[Date "2018.03.18"]
[Round "9"]
[White "von Bahr, Oskar"]
[Black "Schussler, Harry"]
[Result "1/2-1/2"]
[WhiteElo "2420"]
[BlackElo "2419"]
[PlyCount "40"]
1. e4 e5 2. Nf3 Nf6 3. Nxe5 d6 4. Nf3 Nxe4 5. d4 d5 6. Bd3 Nc6 7. O-O Be7 8. c4
Nf6 9. Nc3 O-O 10. h3 Nb4 11. Be2 dxc4 12. Bxc4 c6 13. a3 Nbd5 14. Re1 Be6 15.
Qd3 Nxc3 16. bxc3 Bxc4 17. Qxc4 Nd5 18. a4 Bf6 19. Rb1 Qd7 20. Bd2 Rfe8 1/2-1/2

[Event "Elit(LASK-Stockholms SS)"]
[Site "?"]
[Date "2018.03.18"]
[Round "9"]
[White "Ertan, Can"]
[Black "Tikkanen, Hans"]
[Result "0-1"]
[WhiteElo "2363"]
[BlackElo "2517"]
[PlyCount "76"]
1. e4 c6 2. d4 d5 3. e5 c5 4. dxc5 e6 5. Be3 Nh6 6. Nf3 Nf5 7. Bd4 Nxd4 8. Qxd4
Nc6 9. Bb5 Qa5+ 10. Nc3 Qxb5 11. Nxb5 Nxd4 12. Nfxd4 Bxc5 13. c4 dxc4 14. Rc1
Bd7 15. Rxc4 Rc8 16. O-O Ke7 17. Rfc1 Bb6 18. Nd6 Rxc4 19. Rxc4 f6 20. Nb3 Bc6
21. Rg4 g6 22. Nc4 f5 23. Rh4 Bc7 24. Nd4 Bd5 25. Nb5 Bxc4 26. Nxc7 Bxa2 27. h3
a6 28. Rb4 Kd7 29. Rxb7 Kc6 30. Ra7 Bc4 31. Na8 Rb8 32. b3 Bd5 33. b4 Kb5 34.
Nc7+ Kb6 35. Nxd5+ Kxa7 36. Nf4 Rb5 37. Nxe6 Rxe5 38. Ng5 Rb5 0-1

[Event "Elit(Kungstornet-Eksjo)"]
[Site "?"]
[Date "2018.03.18"]
[Round "9"]
[White "Gdanski, Jacek"]
[Black "Aronsson, Marten"]
[Result "1-0"]
[WhiteElo "2458"]
[BlackElo "2312"]
[PlyCount "61"]
1. e4 e5 2. Nc3 Nf6 3. Bc4 Nc6 4. d3 Na5 5. Nge2 Nxc4 6. dxc4 d6 7. O-O Be7 8.
h3 h6 9. Ng3 Be6 10. b3 Qd7 11. Qd3 g6 12. f4 exf4 13. Bxf4 Ng8 14. Rae1 Bf6
15. Nd5 Bg7 16. e5 dxe5 17. Bxe5 Bxe5 18. Rxe5 O-O-O 19. Qe3 Kb8 20. Nf4 Ne7
21. Nxe6 fxe6 22. Rxe6 Rh7 23. Re1 Nf5 24. Nxf5 gxf5 25. Rxh6 Rxh6 26. Qxh6 a6
27. Qf4 Rf8 28. Kh2 Rg8 29. Re2 Rg7 30. Rd2 Qe6 31. Rd8+ 1-0

[Event "Elit(LASK-Stockholms SS)"]
[Site "?"]
[Date "2018.03.18"]
[Round "9"]
[White "Dragicevic, Drazen"]
[Black "Lokander, Martin"]
[Result "1/2-1/2"]
[WhiteElo "2339"]
[BlackElo "2397"]
[PlyCount "67"]
1. Nf3 d5 2. d4 Nf6 3. g3 e6 4. Bg2 b5 5. b3 Bb7 6. O-O Nbd7 7. c4 bxc4 8. bxc4
dxc4 9. Na3 c5 10. Nxc4 cxd4 11. Bf4 Nc5 12. Qxd4 Qxd4 13. Nxd4 Bxg2 14. Kxg2
Nd5 15. Nd6+ Bxd6 16. Bxd6 Ne4 17. Ba3 Kd7 18. Rfd1 Rhc8 19. Rd3 Rc3 20. Rad1
Rac8 21. f3 Rxd3 22. Rxd3 Nc5 23. Bxc5 Rxc5 24. Ra3 a5 25. Nb3 Rc2 26. Kf2 Nb4
27. Rxa5 Rxa2 28. Rb5 Nd5 29. Rb7+ Nc7 30. Nc1 Rc2 31. Nd3 f6 32. h4 e5 33. Ra7
Kd6 34. Ke1 1/2-1/2

[Event "Elit(Kungstornet-Eksjo)"]
[Site "?"]
[Date "2018.03.18"]
[Round "9"]
[White "Backlund, Anders"]
[Black "Vernersson, Per"]
[Result "1-0"]
[WhiteElo "2304"]
[BlackElo "2281"]
[PlyCount "131"]
1. e4 c6 2. d4 d5 3. e5 Bf5 4. c3 e6 5. Be3 Nd7 6. Nd2 c5 7. dxc5 Nxe5 8. Bb5+
Nd7 9. Ngf3 Ngf6 10. O-O Qc7 11. b4 a6 12. Bxd7+ Nxd7 13. c4 Be7 14. cxd5 exd5
15. Nd4 Bd3 16. Re1 Nf6 17. Qf3 Be4 18. Nxe4 dxe4 19. Qf4 Qxf4 20. Bxf4 O-O 21.
Nf5 Rfe8 22. Nxe7+ Rxe7 23. Rad1 h6 24. h3 Rae8 25. Rd6 Rd7 26. Rxd7 Nxd7 27.
Rd1 Re7 28. a4 g5 29. Bd6 Re8 30. Bc7 Ne5 31. Bxe5 Rxe5 32. Rd7 a5 33. Rxb7
axb4 34. c6 Rc5 35. c7 Kg7 36. a5 b3 37. a6 b2 38. a7 Rxc7 39. a8=Q Rc1+ 40.
Kh2 b1=Q 41. Rxb1 Rxb1 42. Qxe4 Rb6 43. f4 gxf4 44. Qxf4 Re6 45. g4 Kg8 46. Kg3
Kg7 47. Kh4 Rg6 48. Qe5+ Kh7 49. Kg3 Re6 50. Qd4 Kg8 51. h4 Kh7 52. Kf4 Kg8 53.
Kf5 Rg6 54. Qe5 Kh7 55. Qe8 Kg7 56. Qe7 Ra6 57. Qe5+ Kg8 58. h5 Ra2 59. Qc5 Kg7
60. Qd4+ Kg8 61. Qd8+ Kh7 62. Kf6 Rf2+ 63. Ke7 Rf4 64. Qd3+ Kg7 65. Qc3+ Kh7
66. Qg3 1-0

[Event "Elit(LASK-Stockholms SS)"]
[Site "?"]
[Date "2018.03.18"]
[Round "9"]
[White "Seo, Jung Min"]
[Black "Antonsen, Mikkel"]
[Result "1/2-1/2"]
[WhiteElo "2366"]
[BlackElo "2447"]
[PlyCount "31"]
1. d4 Nf6 2. c4 g6 3. Nc3 d5 4. cxd5 Nxd5 5. e4 Nxc3 6. bxc3 Bg7 7. Nf3 c5 8.
Be2 Nc6 9. Be3 Bg4 10. e5 cxd4 11. cxd4 Qa5+ 12. Bd2 Qd5 13. Be3 Qa5+ 14. Bd2
Qd5 15. Be3 Qa5+ 16. Bd2 1/2-1/2

[Event "Elit(Kungstornet-Eksjo)"]
[Site "?"]
[Date "2018.03.18"]
[Round "9"]
[White "Gajic, Mladen"]
[Black "Henriksson, Johan"]
[Result "0-1"]
[WhiteElo "2312"]
[BlackElo "2288"]
[PlyCount "140"]
1. d4 d5 2. c4 dxc4 3. Nf3 Nf6 4. e3 e6 5. Bxc4 c5 6. O-O Nc6 7. Nc3 a6 8. a4
Be7 9. Qe2 O-O 10. Rd1 Qc7 11. h3 b6 12. Bd2 Rd8 13. dxc5 Bxc5 14. Be1 Bb7 15.
Rxd8+ Qxd8 16. Rd1 Qe7 17. Bd2 h6 18. e4 Nd4 19. Nxd4 Bxd4 20. e5 Nd7 21. Qg4
Bxe5 22. Bxh6 Bf6 23. Bf1 Ne5 24. Qg3 Qb4 25. Bg5 Bxg5 26. Qxg5 Ng6 27. Bd3 Qf4
28. Qh5 Nf8 29. Bf1 Qb4 30. Qe2 Rc8 31. Rd3 Bc6 32. Qd2 Qe7 33. Rg3 Rd8 34. Qe3
b5 35. axb5 axb5 36. Nxb5 Bxb5 37. Bxb5 Qb4 38. Qc3 Rd1+ 39. Bf1 Qxc3 40. Rxc3
Rb1 41. Rb3 Nd7 42. g3 Kf8 43. Kg2 Nc5 44. Rb5 Na4 45. b4 Nc3 46. Rb8+ Ke7 47.
b5 Rb2 48. Rb7+ Kf6 49. Kf3 Nd1 50. Be2 Nc3 51. Bd3 Nd1 52. b6 Nxf2 53. Ba6 Ke5
54. Rxf7 Ne4 55. Rxg7 Rb3+ 56. Kg2 Rb2+ 57. Kg1 Rxb6 58. Bf1 Rb1 59. h4 Rb3 60.
g4 Kf4 61. Kh2 Rb2+ 62. Kg1 Kg3 63. Rd7 Nd2 64. Rxd2 Rxd2 65. g5 Kxh4 66. Bc4
Kg3 67. Kf1 Kf3 68. Kg1 e5 69. Kh1 Rd4 70. Be6 Kg3 0-1

[Event "Elit(LASK-Stockholms SS)"]
[Site "?"]
[Date "2018.03.18"]
[Round "9"]
[White "Mauritsson, Sebastian"]
[Black "Thorn, Eric"]
[Result "1/2-1/2"]
[WhiteElo "2330"]
[BlackElo "2316"]
[PlyCount "53"]
1. e4 e5 2. Nf3 Nc6 3. Nc3 Nf6 4. d4 exd4 5. Nxd4 Bb4 6. Nxc6 bxc6 7. Bd3 d5 8.
exd5 cxd5 9. O-O O-O 10. Bg5 Be6 11. Nb5 c5 12. a3 Ba5 13. b4 Bb6 14. c3 h6 15.
Bh4 Rc8 16. a4 a6 17. a5 axb5 18. axb6 Qxb6 19. Bxf6 gxf6 20. Qf3 cxb4 21. Qxf6
Rxc3 22. Rfd1 Rc6 23. Qxh6 Bf5 24. Qg5+ Bg6 25. Bxg6 fxg6 26. Qxd5+ Kg7 27. Ra2
1/2-1/2

[Event "Elit(Kungstornet-Eksjo)"]
[Site "?"]
[Date "2018.03.18"]
[Round "9"]
[White "Andersson, Fredrik"]
[Black "Ornstein, Axel"]
[Result "1-0"]
[WhiteElo "2277"]
[BlackElo "2342"]
[PlyCount "41"]
1. d4 Nf6 2. c4 e6 3. Nf3 b6 4. g3 Ba6 5. Qc2 c5 6. d5 exd5 7. cxd5 Bb7 8. Bg2
Nxd5 9. O-O Be7 10. Rd1 Nc6 11. a3 Nc7 12. Nc3 Ne6 13. Be3 O-O 14. Rd2 Qc8 15.
Rad1 Rd8 16. h4 h6 17. h5 Bf8 18. Qf5 Ne7 19. Qg4 f5 20. Qc4 a6 21. Rxd7 1-0

[Event "Elit(LASK-Stockholms SS)"]
[Site "?"]
[Date "2018.03.18"]
[Round "9"]
[White "Kassani, Sam"]
[Black "Lundberg, David"]
[Result "0-1"]
[WhiteElo "2209"]
[BlackElo "2208"]
[PlyCount "192"]
1. d4 Nf6 2. Bf4 c5 3. e3 g6 4. Nf3 Bg7 5. c3 b6 6. Be2 O-O 7. h3 d6 8. O-O Ba6
9. Re1 Bxe2 10. Qxe2 Nc6 11. Nbd2 Re8 12. Bh2 a6 13. e4 cxd4 14. cxd4 e5 15.
dxe5 dxe5 16. Nb3 a5 17. Rac1 Nb4 18. Red1 Qb8 19. a3 Na6 20. Nbd2 Nh5 21. Qb5
Nc7 22. Qc6 Ne6 23. Nc4 Nhf4 24. Kf1 a4 25. Qxb6 f6 26. Bxf4 Nxf4 27. g3 Nxh3
28. Kg2 Ng5 29. Nxg5 fxg5 30. Rd7 Qc8 31. Rc7 Qg4 32. Qb7 Bf6 33. Rxh7 Qe6 34.
Nd6 Reb8 35. Qf7+ Qxf7 36. Rxf7 Bd8 37. Rh1 Ra6 38. Rd7 Rc6 39. Rhh7 Rxd6 40.
Rdg7+ Kf8 41. Rf7+ Ke8 42. Rfg7 Rf6 43. Rg8+ Rf8 44. Rxg6 Bf6 45. Ra7 Rxb2 46.
Ra8+ Bd8 47. Rd6 Ke7 48. Rd5 g4 49. Rxe5+ Kd6 50. Rf5 Rxf5 51. exf5 Bb6 52.
Rxa4 Rxf2+ 53. Kh1 Rf1+ 54. Kh2 Rf2+ 55. Kh1 Ke5 56. Rxg4 Ra2 57. Rf4 Kf6 58.
a4 Bf2 59. Rf3 Bd4 60. a5 Kg5 61. a6 Kg4 62. Rd3 Be5 63. Kg1 Bxg3 64. Kf1 Rxa6
65. Ke2 Bf4 66. Rd5 Kg5 67. Kf3 Ra3+ 68. Ke4 Re3+ 69. Kd4 Re1 70. Kc5 Kf6 71.
Kc6 Be5 72. Kb7 Rb1+ 73. Kc8 Kxf5 74. Rd7 Ke6 75. Rb7 Rh1 76. Rb6+ Bd6 77. Rb5
Rh8+ 78. Kb7 Kd7 79. Rb3 Rh1 80. Rb5 Rh8 81. Ka7 Kc6 82. Rb6+ Kd5 83. Rb2 Bc5+
84. Kb7 Rh7+ 85. Kb8 Kc6 86. Ka8 Bb6 87. Rc2+ Kb5 88. Rb2+ Ka6 89. Ra2+ Ba5 90.
Rb2 Rh8+ 91. Rb8 Rh1 92. Rb2 Bb6 93. Ra2+ Kb5 94. Rb2+ Kc6 95. Rc2+ Bc5 96. Rb2
Ra1+ 0-1

[Event "Elit(Kungstornet-Eksjo)"]
[Site "?"]
[Date "2018.03.18"]
[Round "9"]
[White "Thornert, Hakan"]
[Black "Glimbrant, Torbjorn"]
[Result "1-0"]
[WhiteElo "2211"]
[BlackElo "2274"]
[PlyCount "80"]
1. e4 c5 2. Nc3 Nc6 3. Nf3 e6 4. d4 cxd4 5. Nxd4 d6 6. Be3 Nf6 7. Bc4 Be7 8.
Qe2 a6 9. O-O-O Qc7 10. Bb3 Na5 11. g4 b5 12. g5 Nxb3+ 13. axb3 Nd7 14. f4 b4
15. Na4 Bb7 16. Bd2 Nc5 17. Bxb4 Nxe4 18. Kb1 O-O 19. Rhf1 g6 20. Rg1 Rfe8 21.
Nf3 a5 22. Ba3 Rec8 23. h4 Nc5 24. Bxc5 dxc5 25. Ne5 Bc6 26. h5 Rd8 27. Rde1
Bd6 28. hxg6 hxg6 29. Qh2 Bxe5 30. fxe5 Rd4 31. Rh1 Kf8 32. Qh8+ Ke7 33. Qf6+
Kd7 34. Nxc5+ Kc8 35. Rh8+ Rd8 36. Rxd8+ Qxd8 37. Qxf7 Kb8 38. Qxg6 Ra7 39.
Qxe6 Bd5 40. Qf6 Qe8 1-0

[Event "Elit(LASK-Stockholms SS)"]
[Site "?"]
[Date "2018.03.18"]
[Round "9"]
[White "Bouaziz, Nejib"]
[Black "Cederstam Barsk, Carl"]
[Result "0-1"]
[WhiteElo "2003"]
[BlackElo "2318"]
[PlyCount "98"]
1. e4 e5 2. Nf3 Nc6 3. Bb5 a6 4. Ba4 g6 5. O-O Bg7 6. c3 d6 7. h3 Nf6 8. Re1
O-O 9. d4 Qe8 10. Nbd2 Nh5 11. Nf1 Kh8 12. Bc2 Nd8 13. Ng3 Nf4 14. Bxf4 exf4
15. Ne2 Bh6 16. Qd2 Qe7 17. d5 Rg8 18. Ned4 f6 19. b4 Nf7 20. Ne6 Bxe6 21. dxe6
Qxe6 22. Bb3 Qd7 23. Qd5 Ne5 24. Nxe5 fxe5 25. f3 c6 26. Qd2 Rgd8 27. Red1 Bg5
28. c4 Qc7 29. Qf2 Be7 30. Kh1 Kg7 31. Qc2 h5 32. Rac1 b6 33. a3 Rh8 34. c5
dxc5 35. Qc4 Rhd8 36. Qf7+ Kh6 37. bxc5 b5 38. Kh2 Rf8 39. Qe6 Rad8 40. Rxd8
Rxd8 41. Qf7 Rd2 42. Be6 Qd8 43. Qg8 Rxg2+ 44. Kxg2 Qd2+ 45. Kf1 Qxc1+ 46. Kg2
Qd2+ 47. Kf1 Qd1+ 48. Kg2 Qe2+ 49. Kh1 Qxf3+ 0-1